MARC

Tag First Indicator Second Indicator Subfields
LEADER 00000cam a2200000Ia 4500
001 in00002313708
005 20190326192502.0
006 m | d |
007 cr |n||||||||n
008 881027s1834 enk sb 000 0 eng d
040 |a NYG  |c GKR  |d OCL  |d Thomson Gale  |d UtOrBLW 
043 |a e-uk-en 
245 0 0 |a Lords Lyndhurst, Brougham, and local courts. 
250 |a [New ed.]  |b reprinted from Blackwood's magazine with corr. and add. 
264 3 |a London :  |b Printed for T. Cadell,  |c 1834 
264 3 |a London :  |b A. Spottiswoode 
300 |a 52 pages 
336 |a text  |b txt  |2 rdacontent 
337 |a computer  |b c  |2 rdamedia 
338 |a online resource  |b cr  |2 rdacarrier 
500 |a Reproduction of original from Goldsmiths' Library, University of London. 
500 |a Goldsmiths'-Kress number 28895. 
504 |a Includes bibliographical references. 
510 4 |a OCLC,  |c 18674525 
533 |a Electronic reproduction.  |b Farmington Hills, Mich. :  |c Thomson Gale,  |d 2005.  |f (The making of the modern world).  |n Available via the World Wide Web.  |n Access limited to licensing agreements.  |7 s2005 miunns 
500 |a Electronic resource. 
600 1 0 |a Lyndhurst, John Singleton Copley,  |c Baron,  |d 1772-1863. 
600 1 0 |a Brougham and Vaux, Henry Brougham,  |c Baron,  |d 1778-1868. 
650 0 |a Courts  |z England. 
655 0 |a Electronic books. 
830 0 |a Making of the modern world (Goldsmiths'-Kress Library of Economic Literature) 
856 4 0 |u http://proxy.library.tamu.edu/login?url=http://galenet.galegroup.com/servlet/MOME?af=RN&ae=U105385187&srchtp=a&ste=14&locID=txshracd2898  |z Connect to the full text of this electronic book  |t 0 
999 |a MARS 
999 f f |s a32f029e-0a52-3438-a53c-7b5ea03c9862  |i e86d82aa-18df-37b3-ae65-7ae4ec00ddf9  |t 0 
952 f f |a Texas A&M University  |b College Station  |c Electronic Resources  |d Available Online  |t 0  |h No information provided 
998 f f |t 0  |l Available Online